Teams MSN Have Played For - Statistics

General Stats
  • This quiz has been taken 662 times
    648 since last reset
  • The average score is 11 of 14
Answer Stats
Answer % Correct
Barcelona
99%
Inter Miami
99%
Paris Saint-Germain
99%
Liverpool
92%
Santos
89%
Argentina
82%
Al Hilal
81%
Atlético Madrid
81%
Brazil
81%
Uruguay
79%
Ajax
77%
Grêmio
47%
Nacional
32%
Groningen
30%
No matching quizzes found
Score Distribution
Percent of People with Each Score
Percentile by Number Answered
Your Score History
You have not taken this quiz since the last reset